| 000 | 00819nam a2200301Ia 4500 | ||
|---|---|---|---|
| 008 | 170203s9999 xx 000 0 und d | ||
| 020 | _a0-307124746 | ||
| 050 | _aFic | ||
| 050 | _bD612p | ||
| 100 | _aPackard, Mary. | ||
| 245 | _aPocahontas : | ||
| 245 | _binto the forest / | ||
| 245 | _cby Mary Packard ; illustrated by Darrell Baker. | ||
| 260 | _aNew York, NY. : | ||
| 260 | _bGolden Books, | ||
| 260 | _c1995 | ||
| 300 | _a1 volume : | ||
| 300 | _bcolor illustrations ; | ||
| 300 | _c24 cm | ||
| 500 | _aA Golden sturdy shape book. | ||
| 650 | _aBoard books. | ||
| 650 | _aIndians of North America -- | ||
| 650 | _aIndians of North America. | ||
| 650 | _aPocahontas, -- -1617 -- | ||
| 650 | _aPocahontas, -- -1617. | ||
| 650 | _xJuvenile fiction. | ||
| 650 | _xJuvenile fiction. | ||
| 999 |
_c306389 _d306389 |
||